A wellness és gyógyászat szerepe a szállodaiparban-A Lifestyle Hotel Mátra wellness részlegének és vendégvéleményeinek vizsgálata

Bibliographic Details
Main Author: Hronyecz Dorina
Other Authors: Fábián Tamás Zoltán
Format: Project work
Kulcsszavak:gyógyfürdők
gyógyturizmus
szállodák
turizmus
wellness
Online Access:http://dolgozattar.uni-bge.hu/59942

MARC

LEADER 00000nnm a2200000 i 4500
001 dolg59942
005 20260409145757.0
008 260409suuuu hu o 000 hun d
040 |a BGE Dolgozattár Repozitórium  |b hun 
041 |a hu 
100 1 |a Hronyecz Dorina 
245 1 2 |a A wellness és gyógyászat szerepe a szállodaiparban-A Lifestyle Hotel Mátra wellness részlegének és vendégvéleményeinek vizsgálata  |c Hronyecz Dorina  |h [elektronikus dokumentum] 
516 |a Project_work 
520 3 |a A dolgozat felépítése úgy lett kialakítva, hogy lépésről lépésre vezesse végig az olvasót a wellness és gyógyturizmus témáján, majd szűkítse a fókuszt egy konkrét szállodai példa részletes bemutatására és elemzésére. A dolgozat célja az volt, hogy megvizsgáljam, milyen tapasztalatokkal távoznak a vendégek egy wellness- és gyógyturizmusra specializálódott szállodából, különös tekintettel a wellness részleg szolgáltatásaira. A kutatás során nem csupán egy általános képet szerettem volna kapni a vendégelégedettségről, hanem arra is törekedtem, hogy mélyebben megértsem, milyen tényezők befolyásolják a vendégélményt pozitív vagy éppen negatív irányba. 
695 |a gyógyfürdők 
695 |a gyógyturizmus 
695 |a szállodák 
695 |a turizmus 
695 |a wellness 
700 1 |a Fábián Tamás Zoltán  |e ths 
856 4 0 |u http://dolgozattar.uni-bge.hu/59942/1/A%20wellness%20%C3%A9s%20gy%C3%B3gy%C3%A1szat%20szerepe%20a%20sz%C3%A1llodaiparban-A%20Lifestyle%20Hotel%20M%C3%A1tra%20wellness%20r%C3%A9szleg%C3%A9nek%20%C3%A9s%20vend%C3%A9gv%C3%A9lem%C3%A9nyeinek%20vizsg%C3%A1lata.pdf  |z Dokumentum-elérés 
856 4 0 |u http://dolgozattar.uni-bge.hu/59942/2/Hronyecz%20Dorina_FOSZK_F%C3%A1bi%C3%A1n%20Tam%C3%A1s.pdf  |z Dokumentum-elérés